MTG evergreen keyword abilities - Statistics

General Stats
  • This quiz has been taken 31 times
  • The average score is 11 of 18
Answer Stats
Evergreen % Correct
Flying
95%
Trample
95%
Deathtouch
86%
Haste
81%
Vigilance
81%
Double Strike
76%
First Strike
76%
Lifelink
76%
Reach
76%
Hexproof
71%
Menace
67%
Indestructible
48%
Protection
43%
Flash
38%
Ward
38%
Defender
33%
Enchant
24%
Equip
19%
No matching quizzes found
Score Distribution
Percent of People with Each Score
Percentile by Number Answered
Your Score History
You have not taken this quiz